Music Quiz

Random Music or The Beatles Quiz

Finish the Beatles Title II Quiz Stats

 Plays Quiz Updated Sep 1, 2015

Score 0/30 Timer 05:00
4 Plays Today
Start of Title Rest of Title % Correct
Yellow...Submarine
96.6%
Here Comes...The Sun
93.8%
Helter...Skelter
90.3%
Twist...And Shout
88.8%
I Wanna Be Your...Man
68.1%
Maxwell's...Silver Hammer
67.4%
Rocky...Raccoon
66.9%
I'll Follow the...Sun
64.2%
The Fool...On the Hill
63.8%
Dear...Prudence
62.9%
She Came in Through the...Bathroom Window
61.2%
Dizzy Miss...Lizzy
59.1%
I Me...Mine
49.6%
Why Don't We...Do It in the Road?
48.3%
Don't Pass...Me By
47.8%
Start of Title Rest of Title % Correct
Baby You're a...Rich Man
47.2%
Martha...My Dear
45.2%
Tomorrow Never...Knows
43.4%
Mean...Mr. Mustard
41.5%
Good Morning...Good Morning
35.8%
Your Mother...Should Know
34.5%
I've Just... Seen a Face
33.9%
Long,...Long, Long
28.8%
The Continuing...Story of Bungalow Bill
28.1%
You Never...Give Me Your Money
25.1%
Everybody's Trying...To Be My Baby
24.1%
I've Got...A Feeling
21.8%
Wild...Honey Pie
19%
Mother...Nature's Son
13.4%
I Don't Want To...Spoil the Party
11.7%

You're not logged in!

Compare scores with friends on all Sporcle quizzes.
OR
Log In

Sporcle TV

Today on Sporcle TV


Watch our educational content, quiz creation guides, and fun videos on Sporcle TV.

Show Comments

Extras

Top Quizzes Today


Score Distribution

Your Account Isn't Verified!

In order to create a playlist on Sporcle, you need to verify the email address you used during registration. Go to your Sporcle Settings to finish the process.

Report this User

Report this user for behavior that violates our Community Guidelines.

Details: